[Event "SRB-chT (Women) Div1"]
[Site "Senta"]
[Date "2023.10.13"]
[Round "4.3"]
[White "Maksimovic, Suzana"]
[Black "Mkrtchian, Lilit"]
[Result "0-1"]
[WhiteElo "2101"]
[BlackElo "2389"]
[PlyCount "80"]
[EventDate "2023.10.10"]
[EventType "team-tourn"]
[EventRounds "11"]
[EventCountry "SRB"]
[SourceTitle "Mega2024 Update 01"]
[Source "Chessbase"]
[SourceDate "2023.11.12"]
[SourceVersion "1"]
[SourceVersionDate "2023.11.12"]
[SourceQuality "1"]
[WhiteTeam "Kac Jugovic (W)"]
[BlackTeam "Belgrade Crvena Zvezda (W)"]
[WhiteTeamCountry "SRB"]
[BlackTeamCountry "SRB"]

1. d4 Nf6 2. c4 e6 3. Nc3 Bb4 4. e3 0-0 5. Nge2 c6 6. a3 Ba5 7. Bd2 d5 8. Ng3 Nbd7 9. cxd5 cxd5 10. f4 a6 11. Bd3 Bc7 12. 0-0 Nb6 13. Qe2 Bd7 14. Rad1 g6 15. Bc1 Bc6 16. Bc2 Rc8 17. Rf2 Bb8 18. Nf1 Qd7 19. Nd2 Na4 20. Ndb1 Bd6 21. g4 Rfe8 22. Qf3 Kh8 23. g5 Nh5 24. e4 dxe4 25. Bxe4 Bxe4 26. Nxe4 Bf8 27. d5 exd5 28. Ng3 Nxg3 29. hxg3 Bc5 30. Kg2 Bxf2 31. Qxf2 Qf5 32. Bd2 Qe4+ 33. Kh3 Kg8 34. Nc3 Qe6+ 35. f5 Qd7 36. Qd4 Qxf5+ 37. g4 Qf3+ 38. Kh4 Rc4 39. Qg1 Nxc3 40. Bxc3 Re3 0-1

[Event "Sharjah Cup (Women) 12th"]
[Site "Sharjah"]
[Date "2022.12.11"]
[Round "4"]
[White "Dylag, Emilia"]
[Black "Maksimovic, Suzana"]
[Result "0-1"]
[WhiteElo "2004"]
[BlackElo "2127"]
[PlyCount "64"]
[EventDate "2022.12.09"]
[EventType "swiss"]
[EventRounds "9"]
[EventCountry "UAE"]
[SourceTitle "CBM 211 Extra"]
[Source "ChessBase"]
[SourceDate "2023.01.31"]
[SourceVersion "1"]
[SourceVersionDate "2023.01.31"]
[SourceQuality "1"]

1. d4 Nf6 2. Nf3 c5 3. d5 e6 4. c4 b5 5. dxe6 fxe6 6. cxb5 d5 7. Nc3 Be7 8. e4 d4 9. Na4 Nxe4 10. Bd3 Qa5+ 11. Nd2 Nxf2 12. Kxf2 0-0+ 13. Nf3 Nd7 14. Bd2 Qc7 15. Qc2 Ne5 16. Bxh7+ Kh8 17. Ke2 Nxf3 18. gxf3 c4 19. Raf1 d3+ 20. Bxd3 cxd3+ 21. Qxd3 Qe5+ 22. Kd1 Bb7 23. Kc1 Rad8 24. Qe3 Qf5 25. Rhg1 Rd3 26. Qxa7 Rxd2 27. Kxd2 Rd8+ 28. Kc1 Rc8+ 29. Nc3 Bc5 30. Qxc5 Rxc5 31. a4 Bxf3 32. a5 Qd3 0-1

[Event "SRB-chT (Women)"]
[Site "Custica"]
[Date "2022.10.24"]
[Round "3.3"]
[White "Maksimovic, Suzana"]
[Black "Belenkaya, Dina"]
[Result "1-0"]
[WhiteElo "2099"]
[BlackElo "2263"]
[PlyCount "139"]
[EventDate "2022.10.22"]
[EventType "team-tourn"]
[EventRounds "11"]
[EventCountry "SRB"]
[SourceTitle "EXT 2024"]
[Source "ChessBase"]
[SourceDate "2023.10.10"]
[SourceVersion "1"]
[SourceVersionDate "2023.10.10"]
[SourceQuality "1"]
[WhiteTeam "Kac Jugovic (W)"]
[BlackTeam "Belgrade Crvena Zvezda (W)"]
[WhiteTeamCountry "SRB"]
[BlackTeamCountry "SRB"]

1. Nf3 Nf6 2. g3 d5 3. Bg2 Bg4 4. 0-0 c6 5. d3 Nbd7 6. Nbd2 e5 7. h3 Bxf3 8. Bxf3 Be7 9. c4 d4 10. b4 Bxb4 11. Rb1 a5 12. a3 Bxd2 13. Qxd2 Qc7 14. e3 0-0 15. exd4 exd4 16. Qf4 Qxf4 17. Bxf4 Ra7 18. Rfe1 Re8 19. g4 h6 20. h4 Rxe1+ 21. Rxe1 Nc5 22. Re7 Nxd3 23. Bd6 Ra8 24. Rxb7 Re8 25. g5 Re1+ 26. Kg2 Re6 27. gxf6 Ne1+ 28. Kg3 Nxf3 29. Rb8+ Kh7 30. fxg7 Kxg7 31. Bf8+ Kg6 32. Kxf3 Rf6+ 33. Kg3 Kf5 34. Kf3 Ke5+ 35. Ke2 Rf4 36. Re8+ Kf5 37. Bxh6 Rxh4 38. Bg7 Rh3 39. Bxd4 Rxa3 40. Re5+ Kf4 41. Rc5 Ke4 42. Be3 Ra2+ 43. Bd2 a4 44. Rxc6 a3 45. Rf6 Kd4 46. Rf4+ Kc5 47. Rxf7 Kxc4 48. Ra7 Kb3 49. Kd3 Ra1 50. Rb7+ Ka2 51. f4 Rh1 52. Ke4 Rh2 53. Bc3 Re2+ 54. Kd3 Re3+ 55. Kc2 Re2+ 56. Bd2 Rf2 57. Kd3 Ka1 58. Ra7 Kb2 59. Bc3+ Kb3 60. Be5 Rf1 61. Ke4 a2 62. f5 Rf2 63. Bd4 Re2+ 64. Kd5 Re1 65. f6 Rf1 66. Ke6 Rf4 67. Be5 Rf1 68. f7 Rf2 69. Ra8 Rf3 70. f8Q 1-0

[Event "Cheliabinsk Panchenko Memorial op-B"]
[Site "Cheliabinsk"]
[Date "2022.09.16"]
[Round "5"]
[White "Maksimovic, Suzana"]
[Black "Filippova, Darya"]
[Result "0-1"]
[WhiteElo "2149"]
[BlackElo "1993"]
[PlyCount "76"]
[EventDate "2022.09.12"]
[EventType "swiss"]
[EventRounds "10"]
[EventCountry "RUS"]
[SourceTitle "CBM 210 Extra"]
[Source "ChessBase"]
[SourceDate "2022.11.30"]
[SourceVersion "1"]
[SourceVersionDate "2022.11.30"]
[SourceQuality "1"]

1. d4 Nf6 2. Nf3 c5 3. e3 d5 4. Bb5+ Bd7 5. Bxd7+ Nbxd7 6. 0-0 e6 7. c4 dxc4 8. Qa4 Rc8 9. Nc3 cxd4 10. exd4 a6 11. Bg5 Be7 12. Bxf6 Bxf6 13. d5 0-0 14. dxe6 fxe6 15. Rad1 Rc6 16. Nd4 Bxd4 17. Rxd4 Qc7 18. Qd1 Ne5 19. Qh5 Nd3 20. Rh4 g6 21. Qe2 b5 22. a3 e5 23. g3 Rd6 24. Qe3 Qd7 25. Ne4 Rd4 26. Qg5 Qg7 27. Rb1 a5 28. Qe3 b4 29. axb4 axb4 30. Rg4 Qf7 31. f4 Rd5 32. fxe5 Rxe5 33. Qd4 Rf5 34. Nd2 Rf2 35. Nxc4 Rf1+ 36. Kg2 Qf3+ 37. Kh3 Rxb1 38. Nd2 Nf2+ 0-1

[Event "Cheliabinsk Panchenko Memorial op-B"]
[Site "Cheliabinsk"]
[Date "2022.09.13"]
[Round "2"]
[White "Voit, Daria"]
[Black "Maksimovic, Suzana"]
[Result "1-0"]
[WhiteElo "2348"]
[BlackElo "2149"]
[PlyCount "75"]
[EventDate "2022.09.12"]
[EventType "swiss"]
[EventRounds "10"]
[EventCountry "RUS"]
[SourceTitle "CBM 210 Extra"]
[Source "ChessBase"]
[SourceDate "2022.11.30"]
[SourceVersion "1"]
[SourceVersionDate "2022.11.30"]
[SourceQuality "1"]

1. d4 d5 2. c4 c6 3. Nf3 Nf6 4. e3 Bf5 5. Nc3 e6 6. Nh4 Be4 7. f3 Bg6 8. Qb3 Qc7 9. Bd2 Be7 10. Nxg6 hxg6 11. 0-0-0 Nbd7 12. cxd5 Nxd5 13. e4 Nxc3 14. bxc3 a6 15. g3 b5 16. f4 c5 17. d5 c4 18. Qc2 exd5 19. Be3 Bc5 20. Bxc5 Nxc5 21. Rxd5 0-0 22. h4 Rad8 23. h5 Rxd5 24. exd5 Qd6 25. hxg6 fxg6 26. Bg2 Re8 27. Kb1 Nd3 28. Bf3 Re3 29. Qd2 Re8 30. Qg2 b4 31. Bg4 bxc3 32. Be6+ Kf8 33. Ka1 Qa3 34. Rb1 Qc5 35. Rb7 Re7 36. Rb8+ Re8 37. Qh2 Ke7 38. Rb7+ 1-0

[Event "SRB-chT (Women) Div1"]
[Site "Vrnjacka Banja"]
[Date "2021.09.13"]
[Round "8.3"]
[White "Velikic, Adela"]
[Black "Maksimovic, Suzana"]
[Result "1/2-1/2"]
[WhiteElo "2274"]
[BlackElo "2128"]
[PlyCount "84"]
[EventDate "2021.09.07"]
[EventType "tourn"]
[EventRounds "11"]
[EventCountry "SRB"]
[SourceTitle "CBM 204 Extra"]
[Source "ChessBase"]
[SourceDate "2021.11.30"]
[SourceVersion "1"]
[SourceVersionDate "2021.11.30"]
[SourceQuality "1"]
[WhiteTeam "Nis Osnovac (W)"]
[BlackTeam "Kac Jugovic (W)"]
[WhiteTeamCountry "SRB"]
[BlackTeamCountry "SRB"]

1. e4 c5 2. Nf3 Nc6 3. Bb5 g6 4. Bxc6 dxc6 5. 0-0 Bg7 6. d3 e5 7. Be3 b6 8. a4 Ne7 9. a5 Rb8 10. axb6 axb6 11. Nbd2 0-0 12. Ra7 f6 13. Nc4 Be6 14. Nfd2 Nc8 15. Ra3 Rb7 16. Ra8 f5 17. f3 f4 18. Bf2 h5 19. Qa1 g5 20. Rb1 g4 21. b4 g3 22. hxg3 fxg3 23. Bxg3 Qg5 24. Bf2 cxb4 25. Rxb4 Bh3 26. Ne3 Bxg2 27. Kh2 Bxf3 28. Qg1 Bg4 29. Ndf1 Rbf7 30. Nf5 Rxf5 31. exf5 Qxf5 32. Be3 e4 33. Rxe4 Be5+ 34. Kh1 Kh7 35. Nh2 Bxh2 36. Kxh2 Qf3 37. Qg2 Qxg2+ 38. Kxg2 Bf3+ 39. Kg3 Bxe4 40. dxe4 Kg7 41. Kh4 Kf7 42. Kxh5 Re8 1/2-1/2

[Event "SRB-chT (Women) Div1"]
[Site "Vrnjacka Banja"]
[Date "2021.09.09"]
[Round "3.3"]
[White "Prudnikova, Svetlana"]
[Black "Maksimovic, Suzana"]
[Result "0-1"]
[WhiteElo "2177"]
[BlackElo "2128"]
[PlyCount "52"]
[EventDate "2021.09.07"]
[EventType "tourn"]
[EventRounds "11"]
[EventCountry "SRB"]
[SourceTitle "CBM 204 Extra"]
[Source "ChessBase"]
[SourceDate "2021.11.30"]
[SourceVersion "1"]
[SourceVersionDate "2021.11.30"]
[SourceQuality "1"]
[WhiteTeam "Belgrade Crvena Zvezda (W)"]
[BlackTeam "Kac Jugovic (W)"]
[WhiteTeamCountry "SRB"]
[BlackTeamCountry "SRB"]

1. d4 Nf6 2. c4 c5 3. d5 g6 4. Nc3 Bg7 5. e4 d6 6. h3 0-0 7. Nf3 a6 8. a4 Nbd7 9. Bd3 e5 10. Be3 Nh5 11. Qd2 Nf4 12. Bxf4 exf4 13. Qxf4 Ne5 14. Nxe5 Bxe5 15. Qd2 f5 16. exf5 Bxf5 17. Bxf5 Rxf5 18. 0-0 Qh4 19. f4 Bxf4 20. Qd3 Re8 21. Ne2 Be3+ 22. Kh2 Bf2 23. b3 Re3 24. Qd1 Rh5 25. Ng1 Rxh3+ 26. gxh3 Qg3+ 0-1

[Event "SRB-chT (Women)"]
[Site "Valjevo"]
[Date "2020.09.29"]
[Round "7.6"]
[White "Kovacevic, Radmila"]
[Black "Maksimovic, Suzana"]
[Result "1/2-1/2"]
[WhiteElo "2075"]
[BlackElo "2110"]
[PlyCount "60"]
[EventDate "2020.09.25"]
[EventType "team-tourn"]
[EventRounds "11"]
[EventCountry "SRB"]
[SourceTitle "CBM 198 Extra"]
[Source "ChessBase"]
[SourceDate "2020.11.30"]
[SourceVersion "1"]
[SourceVersionDate "2020.11.30"]
[SourceQuality "1"]
[WhiteTeam "Nis Osnovac (W)"]
[BlackTeam "Kac Jugovic (W)"]
[WhiteTeamCountry "SRB"]
[BlackTeamCountry "SRB"]

1. b4 Nf6 2. Bb2 e6 3. b5 a6 4. a4 axb5 5. axb5 Rxa1 6. Bxa1 d5 7. e3 c6 8. Nf3 Be7 9. c4 0-0 10. bxc6 Nxc6 11. Ne5 Nxe5 12. Bxe5 dxc4 13. Bxc4 b5 14. Be2 Bb7 15. Qb3 b4 16. d4 Bd5 17. Bc4 Bxc4 18. Qxc4 Qc8 19. Qd3 Qc1+ 20. Qd1 Qc4 21. Nd2 Qd3 22. Bxf6 Bxf6 23. Qe2 Qc2 24. 0-0 Rc8 25. Qa6 Be7 26. h3 Rc3 27. Qa8+ Bf8 28. Nf3 Rc8 29. Qb7 Rc7 30. Qa8 Rc8 1/2-1/2

[Event "SRB-chT (Women)"]
[Site "Valjevo"]
[Date "2020.09.28"]
[Round "5.5"]
[White "Manakova, Maria"]
[Black "Maksimovic, Suzana"]
[Result "1-0"]
[WhiteElo "2238"]
[BlackElo "2110"]
[PlyCount "155"]
[EventDate "2020.09.25"]
[EventType "team-tourn"]
[EventRounds "11"]
[EventCountry "SRB"]
[SourceTitle "CBM 198 Extra"]
[Source "ChessBase"]
[SourceDate "2020.11.30"]
[SourceVersion "1"]
[SourceVersionDate "2020.11.30"]
[SourceQuality "1"]
[WhiteTeam "Belgrade Rad (W)"]
[BlackTeam "Kac Jugovic (W)"]
[WhiteTeamCountry "SRB"]
[BlackTeamCountry "SRB"]

1. e4 c5 2. Nf3 Nc6 3. d4 cxd4 4. Nxd4 e5 5. Nb5 d6 6. N1c3 a6 7. Na3 Be7 8. Nc4 b5 9. Ne3 Nf6 10. Be2 Be6 11. Bf3 Nd4 12. 0-0 Rc8 13. Bd2 0-0 14. a4 Qb6 15. axb5 axb5 16. Na2 Qb7 17. Nc3 b4 18. Ncd5 Nxd5 19. exd5 Bd7 20. Be4 f5 21. Bd3 f4 22. Ba6 Qb8 23. Nc4 Rc5 24. c3 bxc3 25. bxc3 Nf5 26. Na5 Qe8 27. Bd3 Nh4 28. f3 Bd8 29. Nb7 Bb6 30. Nxc5 Bxc5+ 31. Kh1 Qh5 32. Be1 Qg5 33. Bxh4 Qxh4 34. Qe1 Qh5 35. g4 fxg3 36. Qxg3 Bh3 37. Rfb1 g6 38. Be4 Rf7 39. Rb8+ Kg7 40. Raa8 Qh6 41. Ra1 Bd7 42. Rb7 Qd2 43. Qe1 Qg5 44. Qc1 Qh4 45. Ra2 Bh3 46. Rxf7+ Kxf7 47. Re2 Kf6 48. Qe1 Qf4 49. Qg3 Qc1+ 50. Re1 Qxc3 51. Qh4+ Kg7 52. Qe7+ Kh6 53. Rb1 Bf2 54. Qxd6 Qd2 55. Qf8+ Kg5 56. Qb4 Qf4 57. Qb2 Bd4 58. Qc1 Be3 59. Qe1 Kf6 60. Qg3 Qh6 61. Rd1 Bd4 62. d6 Bd7 63. Bd5 Bc5 64. Bb7 Qf4 65. Qxf4+ exf4 66. Bc8 Bxc8 67. d7 Bxd7 68. Rxd7 h5 69. Rd5 Bf2 70. Kg2 Be1 71. Kf1 Bc3 72. Ke2 Be5 73. Kd3 g5 74. Ke4 Bc7 75. Rf5+ Kg6 76. Rc5 Bd8 77. Rc6+ Bf6 78. Ra6 1-0

[Event "SRB-chT (Women)"]
[Site "Valjevo"]
[Date "2020.09.26"]
[Round "2.3"]
[White "Maksimovic, Suzana"]
[Black "Blagojevic, Tijana"]
[Result "1/2-1/2"]
[WhiteElo "2110"]
[BlackElo "2194"]
[PlyCount "62"]
[EventDate "2020.09.25"]
[EventType "team-tourn"]
[EventRounds "11"]
[EventCountry "SRB"]
[SourceTitle "CBM 198 Extra"]
[Source "ChessBase"]
[SourceDate "2020.11.30"]
[SourceVersion "1"]
[SourceVersionDate "2020.11.30"]
[SourceQuality "1"]
[WhiteTeam "Kac Jugovic (W)"]
[BlackTeam "Goracici Jelica (W)"]
[WhiteTeamCountry "SRB"]
[BlackTeamCountry "SRB"]

1. d4 d5 2. c4 c6 3. e3 Nf6 4. Nf3 Bg4 5. Nbd2 e6 6. Qb3 Qb6 7. h3 Bh5 8. Ne5 Nbd7 9. g4 Bg6 10. Nxg6 hxg6 11. g5 Qxb3 12. axb3 Ne4 13. Nxe4 dxe4 14. Rg1 Rh4 15. Bd2 Be7 16. b4 Rh5 17. Rg4 Rxg5 18. Rxe4 Rg1 19. Rg4 Rh1 20. Bc3 Nf6 21. Rh4 0-0-0 22. Rf4 Kb8 23. Ke2 Rh8 24. Rd1 g5 25. Rf3 Rh4 26. b3 g4 27. hxg4 Rxg4 28. d5 cxd5 29. cxd5 exd5 30. Be5+ Ka8 31. Bxf6 Bxf6 1/2-1/2

[Event "SRB-chT (Women)"]
[Site "Valjevo"]
[Date "2018.09.01"]
[Round "2.4"]
[White "Chelushkina, Irina"]
[Black "Maksimovic, Suzana"]
[Result "1-0"]
[WhiteElo "2280"]
[BlackElo "2166"]
[PlyCount "77"]
[EventDate "2018.08.31"]
[EventType "team-tourn"]
[EventRounds "11"]
[EventCountry "SRB"]
[SourceTitle "CBM 186 Extra"]
[Source "ChessBase"]
[SourceDate "2018.08.24"]
[SourceVersion "1"]
[SourceVersionDate "2018.08.24"]
[SourceQuality "1"]
[WhiteTeam "BAS (W)"]
[BlackTeam "Kac Jugovic (W)"]
[WhiteTeamCountry "SRB"]
[BlackTeamCountry "SRB"]

1. g3 e5 2. c4 c6 3. d4 e4 4. Nc3 Nf6 5. Bg2 d5 6. cxd5 cxd5 7. f3 Bb4 8. Bd2 Nc6 9. fxe4 Bxc3 10. Bxc3 Nxe4 11. Bxe4 dxe4 12. d5 Ne7 13. Qa4+ Qd7 14. Qxe4 Qxd5 15. Qxd5 Nxd5 16. Bxg7 Rg8 17. Bd4 Nb4 18. Kf2 Be6 19. a3 Nc6 20. Nf3 0-0-0 21. Bf6 Rd5 22. Bc3 Rf5 23. Rhe1 Rg4 24. h3 Rg8 25. g4 Rc5 26. Rac1 h5 27. b4 Rd5 28. e4 Rd7 29. b5 Ne7 30. gxh5 Bxh3 31. Ng5 Bg4 32. h6 Ng6 33. h7 Re8 34. Be5+ Kd8 35. Bf6+ Ree7 36. Nxf7+ Ke8 37. h8Q+ Nxh8 38. Nxh8 Rd2+ 39. Ke3 1-0

[Event "SRB-ch sf (Women)"]
[Site "Zrenjanin"]
[Date "2018.02.22"]
[Round "9"]
[White "Stankovic, Marija1111"]
[Black "Maksimovic, Suzana"]
[Result "0-1"]
[WhiteElo "1692"]
[BlackElo "2198"]
[PlyCount "74"]
[EventDate "2018.02.16"]
[EventType "swiss"]
[EventRounds "9"]
[EventCountry "SRB"]
[SourceTitle "CBM 183 Extra"]
[Source "ChessBase"]
[SourceDate "2018.04.19"]
[SourceVersion "1"]
[SourceVersionDate "2018.04.19"]
[SourceQuality "1"]

1. e4 c5 2. Nc3 Nc6 3. g3 g6 4. Bg2 Bg7 5. f4 d6 6. Nf3 e6 7. d3 Nge7 8. 0-0 0-0 9. g4 d5 10. e5 f6 11. exf6 Bxf6 12. h3 a6 13. Ne2 Qc7 14. c3 Bd7 15. d4 cxd4 16. Nexd4 Rae8 17. Be3 Nc8 18. Nxc6 Bxc6 19. Nd4 Nd6 20. Rb1 Nc4 21. Bc1 e5 22. fxe5 Bxe5 23. Rxf8+ Rxf8 24. Ne6 Qb6+ 25. Kh1 Rf2 26. Nd4 Qd8 27. Nxc6 bxc6 28. b3 Qh4 29. bxc4 Qg3 30. Qg1 Rxg2 31. Qxg2 Qe1+ 32. Qg1 Qe4+ 33. Qg2 Qxb1 34. Qd2 Qe4+ 35. Kg1 Qxc4 36. Bb2 Qe4 37. Qg2 Qb1+ 0-1

[Event "SRB-ch sf (Women)"]
[Site "Zrenjanin"]
[Date "2018.02.21"]
[Round "8"]
[White "Maksimovic, Suzana"]
[Black "Eric, Jovana"]
[Result "0-1"]
[WhiteElo "2198"]
[BlackElo "2259"]
[PlyCount "78"]
[EventDate "2018.02.16"]
[EventType "swiss"]
[EventRounds "9"]
[EventCountry "SRB"]
[SourceTitle "CBM 183 Extra"]
[Source "ChessBase"]
[SourceDate "2018.04.19"]
[SourceVersion "1"]
[SourceVersionDate "2018.04.19"]
[SourceQuality "1"]

1. d4 Nf6 2. g3 g6 3. Bg2 Bg7 4. e4 d6 5. Nc3 0-0 6. Nge2 Nbd7 7. 0-0 e5 8. h3 c6 9. a4 a5 10. Be3 Qc7 11. g4 Nb6 12. b3 Re8 13. d5 cxd5 14. Nb5 Qd8 15. exd5 h5 16. g5 Nh7 17. Qd2 Ra6 18. c4 Nd7 19. Rad1 e4 20. c5 Ne5 21. Bxe4 Bxh3 22. Nxd6 Rxd6 23. cxd6 Ng4 24. Bg2 Bxg2 25. Kxg2 Nxe3+ 26. fxe3 Qxg5+ 27. Ng3 h4 28. Rf3 Be5 29. d7 Rd8 30. e4 Bxg3 31. Qxg5 Nxg5 32. Rc3 Rxd7 33. Rc8+ Kg7 34. Re8 f6 35. Rc1 Be5 36. Rcc8 h3+ 37. Kf2 Nxe4+ 38. Ke3 Nd6 39. Rg8+ Kh6 0-1

[Event "SRB-ch sf (Women)"]
[Site "Zrenjanin"]
[Date "2018.02.19"]
[Round "6"]
[White "Zarkovic, Mila"]
[Black "Maksimovic, Suzana"]
[Result "1/2-1/2"]
[WhiteElo "2216"]
[BlackElo "2198"]
[PlyCount "52"]
[EventDate "2018.02.16"]
[EventType "swiss"]
[EventRounds "9"]
[EventCountry "SRB"]
[SourceTitle "CBM 183 Extra"]
[Source "ChessBase"]
[SourceDate "2018.04.19"]
[SourceVersion "1"]
[SourceVersionDate "2018.04.19"]
[SourceQuality "1"]

1. e4 Nc6 2. d4 d5 3. exd5 Qxd5 4. Nf3 e5 5. Nc3 Bb4 6. Bd2 Bxc3 7. Bxc3 e4 8. Ne5 Nxe5 9. dxe5 Be6 10. Qxd5 Bxd5 11. 0-0-0 Ne7 12. Be2 0-0-0 13. Bg4+ Kb8 14. Rhe1 b6 15. b3 Rhe8 16. Bb2 g6 17. h4 h5 18. Bh3 Nf5 19. c4 Bc6 20. Bxf5 gxf5 21. g3 a5 22. a4 Kc8 23. Bc3 Rg8 24. Rxd8+ Rxd8 25. Rd1 Rxd1+ 26. Kxd1 e3 1/2-1/2

[Event "SRB-ch sf (Women)"]
[Site "Zrenjanin"]
[Date "2018.02.17"]
[Round "3"]
[White "Maksimovic, Suzana"]
[Black "Djukic, Sandra"]
[Result "0-1"]
[WhiteElo "2198"]
[BlackElo "2130"]
[PlyCount "78"]
[EventDate "2018.02.16"]
[EventType "swiss"]
[EventRounds "9"]
[EventCountry "SRB"]
[SourceTitle "CBM 183 Extra"]
[Source "ChessBase"]
[SourceDate "2018.04.19"]
[SourceVersion "1"]
[SourceVersionDate "2018.04.19"]
[SourceQuality "1"]

1. d4 Nf6 2. c4 Nc6 3. Nf3 e6 4. a3 d6 5. Nc3 g6 6. Bg5 h6 7. Bf4 Bg7 8. h3 0-0 9. e3 Qe7 10. d5 e5 11. Bh2 Nb8 12. Be2 Nbd7 13. Qc2 c6 14. Nd2 a6 15. dxc6 bxc6 16. Nb3 a5 17. c5 d5 18. Na4 Ba6 19. Bxa6 Rxa6 20. 0-0 Rb8 21. Rfc1 Ne4 22. Nd2 Nxd2 23. Qxd2 Qh4 24. Qe2 Ra7 25. Qg4 Qe7 26. Rc2 h5 27. Qe2 Rb3 28. Rac1 e4 29. Bd6 Qf6 30. Rc3 Rb5 31. R3c2 Ne5 32. Nc3 Rb3 33. Bxe5 Qxe5 34. Na4 f5 35. Rc3 Rb8 36. Qc2 Rf7 37. Rb3 Rxb3 38. Qxb3 f4 39. Qb6 fxe3 0-1

[Event "SRB-chT (Women)"]
[Site "Novi Sad"]
[Date "2017.09.06"]
[Round "6.1"]
[White "Stojadinov, Svetlana"]
[Black "Maksimovic, Suzana"]
[Result "0-1"]
[WhiteElo "1943"]
[BlackElo "2143"]
[PlyCount "138"]
[EventDate "2017.09.01"]
[EventType "team-tourn"]
[EventRounds "11"]
[EventCountry "SRB"]
[SourceTitle "CBM 180 Extra"]
[Source "ChessBase"]
[SourceDate "2017.10.06"]
[SourceVersion "1"]
[SourceVersionDate "2017.10.06"]
[SourceQuality "1"]
[WhiteTeam "Novi Sad CC (W)"]
[BlackTeam "Kac Jugovic (W)"]
[WhiteTeamCountry "SRB"]
[BlackTeamCountry "SRB"]

1. e4 c5 2. Nc3 Nc6 3. Bb5 Nd4 4. Bc4 e6 5. d3 a6 6. a4 Rb8 7. Bf4 d6 8. Nf3 Ne7 9. Nxd4 cxd4 10. Ne2 Ng6 11. Bg3 h5 12. h3 h4 13. Bh2 Qa5+ 14. Qd2 Qxd2+ 15. Kxd2 e5 16. f4 Be7 17. c3 dxc3+ 18. bxc3 Be6 19. Bxe6 fxe6 20. fxe5 dxe5 21. Nd4 0-0 22. Nf3 Rbd8 23. Nxe5 Nxe5 24. Bxe5 Rf2+ 25. Ke3 Rxg2 26. Rhg1 Bg5+ 27. Kf3 Rxg1 28. Rxg1 Rxd3+ 29. Ke2 Rd2+ 30. Ke1 Be3 31. Rxg7+ Kf8 32. Rxb7 Ra2 33. Rb4 Ke8 34. Rb8+ Kd7 35. Rb4 Bc5 36. Rc4 Bb6 37. Kf1 Rf2+ 38. Ke1 Rf3 39. Bd4 Bc7 40. Rc5 Rxh3 41. Rh5 Rh1+ 42. Ke2 h3 43. Kf3 h2 44. Kg2 Ra1 45. e5 Ra2+ 46. Kh1 Rxa4 47. Kxh2 Kc6 48. Rh7 Ra5 49. Rh5 Kd5 50. Kg3 Ra2 51. Kf4 Re2 52. Be3 a5 53. Kf3 Rc2 54. Bd4 a4 55. Rh7 Ba5 56. Ra7 Bxc3 57. Bxc3 Rxc3+ 58. Ke2 a3 59. Kd2 Rh3 60. Ra5+ Kd4 61. Kc2 Rh2+ 62. Kb1 Re2 63. Rxa3 Kxe5 64. Kc1 Kf4 65. Kd1 Re3 66. Ra4+ Kf3 67. Ra7 e5 68. Rf7+ Ke4 69. Kd2 Ra3 0-1